00445nam a2200145Ia 4500003000400000005001700004008004100021020001500062050002700077100001700104245010900121260003500230300002800265440000600293OSt20140321142800.0140130s9999 xx 000 0 und d a0439465958 aLB 1525.55b.On58 2004 aOnish, Liane cLiane Onish.aWord families : b15 fun & easy reproducible games that build fundamental reading skills / bScholastic,c2004.aNew York : a45 p. :bill. ;c26 cm. v1